00603nam a2200169Ia 4500008004000000020001800040082001600058100001900074245005500093260003800148300001200186650002300198690001500221906001100236999001900247952016700266210210b2004 xxu||||| |||| 00| 0 eng d a81 229 0167 0 a070.44 LEVM aLEVI (Ragnar). aMedical journalism: exposing fact, fiction, fraud. aDelhibSurjeet publicationsc2004 avii,151 aMedical journalism aJournalism a059899 c106846d106846 001040708JournalismaALbALcJournalismd2021-02-17eHigginbothams (P) Ltd., Mangalore 01.g195.00l0o070.44 LEVMp059899r2021-02-17 00:00:00w2021-02-17yBK